000 00723nam a22001577a 4500
008 210716b ||||| |||| 00| 0 eng d
020 _a9788389273871
082 _a940 PUR
245 _aProtecting and safeguarding cultural heritage : systems of management of cultural heritage in the Visegrad countries
260 _aKrakow :
_bInternational Cultural Centre,
_c2011.
300 _a264 p. :
_bcol. ill. ;
_c24 cm.
500 _a Includes bibliographical references.
650 _a Cultural property -- Protection -- Congresses; Cultural property -- Protection -- Europe, Central -- Congresses; Historic sites -- Conservation and restoration -- Europe, Central -- Congresses
700 _aPurchla, Jacek
942 _2ddc
999 _c8799
_d8800